¿Qué es la historia cultural? /

Esta fascinante obra introductoria ofrece una guía accesible al pasado, presente y futuro de la historia cultural, tal como se ha cultivado en el mundo de habla inglesa, la Europa continental, Asia, Sudamérica y otros lugares.Burke comienza con un examen de la etapa «clásica» de la historia cultural...

Full description

Bibliographic Details
Main Author: Burke, Peter 1937-
Format: Libro
Language:Spanish
Published: Barcelona Paidós 2010
Subjects:
Online Access:

MARC

LEADER 00000cam a2200000 a 4500
001 006022
003 UAHC_CL
005 20170803120211.0
008 121023s2010 sp 000 spa
020 |a 9788449318405 
040 |a UAHC_CL  |c UAHC_CL  |d UAHC_CL 
082 0 4 |a 306.09  |b B959  |2 21 
100 1 |a Burke, Peter  |d 1937- 
245 1 0 |a ¿Qué es la historia cultural? /  |c Peter Burke. 
260 |b Paidós  |a Barcelona  |c 2010 
300 |a 169 p. 
520 |a Esta fascinante obra introductoria ofrece una guía accesible al pasado, presente y futuro de la historia cultural, tal como se ha cultivado en el mundo de habla inglesa, la Europa continental, Asia, Sudamérica y otros lugares.Burke comienza con un examen de la etapa «clásica» de la historia cultural, asociada a Ja cob Burckhardt y Johan Huizinga, y de la reacción marxista, desde Frederick Antal hasta Edward Thompson. Luego recorre el desarrollo de la historia cultural en tiempos más recientes, centrándose en las obras de la última generación, descrita a menudo como la «nueva historia cultural». Sitúa la historia cultural en su propio contexto, advirtiendo vínculos entre los nuevos enfoques del pensamiento y la escritura históricos y el surgimiento del feminismo, los estudios poscoloniales y un discurso cotidiano en el que la idea de cultura desempeña un papel cada vez más relevante. ¿Qué es la historia cultural? es un texto esencial para todos los estudiantes de historia y para todos aquellos que cursen estudios culturales, antropológicos y literarios. 
650 4 |a CULTURA  |x HISTORIA 
650 4 |a ANTROPOLOGIA 
653 |a LICENCIATURA EN HISTORIA 
653 |a ANTROPOLOGIA 
900 |a 306.09 BUR 
942 |c BK 
952 |0 0  |1 0  |4 0  |6 306_090000000000000_BUR  |7 0  |8 General  |9 13240  |a BC  |b BC  |c General  |d 2017-08-03  |l 5  |m 5  |o 306.09 BUR  |p 1405568  |r 2026-01-13 00:00:00  |s 2019-07-03  |t 1  |w 2017-08-03  |y BK 
999 |c 6022  |d 6022